Language Quiz

Random Language or French Quiz

Language Speed-Picking Quiz Stats

 Plays Quiz Updated Aug 12, 2016

Score 0/50 Timer 02:00
10 Plays Today
% Correct
Adverb
91.5%
Spanish
90.9%
Mexico
89.9%
Italian
89.6%
French
89.1%
Spain
89.1%
Pronoun
88.5%
Deux
87.4%
Noun
87.4%
Preposition
85.8%
Chile
85.8%
Un
85%
Alpha
84.3%
Conjunction
83.2%
Peru
82.9%
Cuba
82.5%
Omega
80.4%
Dix
77.3%
Delta
77%
Kappa
75.1%
Upsilon
72.4%
Quatre
71.3%
Mandarin
65.3%
Six
65%
Verde
64.5%
% Correct
Blu
62.5%
Romansh
60.1%
Rosa
59.9%
Burmese
59.8%
Arabic
59.7%
Hindi
58.3%
Catalan
57.2%
In
53.7%
Off
52.5%
Thai
52.3%
Against
48.7%
Rosso
48.6%
Near
47.5%
Viola
44.9%
Beneath
43.8%
Wow
40.2%
Kayak
39.3%
Mom
39.3%
Madam
38.9%
Hannah
37.6%
Umlaut
24.5%
Tilde
23.7%
Circumflex
23.3%
Grave
21.6%
Caron
20.8%

You're not logged in!

Compare scores with friends on all Sporcle quizzes.
OR
Log In

Show Comments

Extras

Top Quizzes Today


Score Distribution

Your Account Isn't Verified!

In order to create a playlist on Sporcle, you need to verify the email address you used during registration. Go to your Sporcle Settings to finish the process.

Report this User

Report this user for behavior that violates our Community Guidelines.

Details: